000 00512nam a22002057a 4500
999 _c442969
_d442969
003 UA-OsUOA
005 20191126103543.0
008 191126b un ||||| |||| 00| 0 ukr d
040 _aUA-OsUOA
_bukr
_cUA-OsUOA
_dUA-OsUOA
041 _aukr
080 _a82:929(44)
090 _a82:929(44)
_bР35
100 _aРеизов Б. Г
245 _aБальзак
_cБ. Г. Реизов
260 _aЛенинград
_c1946
300 _a59 с.
650 _a82:929(44)
942 _2udc
_cBK
955 _a1